| 000 | 01483cam a22002054a 4500 | ||
|---|---|---|---|
| 005 | 20250605164239.0 | ||
| 008 | 250528s ||||||||||||||||||||||||d | ||
| 035 | _a21244 | ||
| 020 | _a9780470129166 | ||
| 040 |
_aGR-AtMCL _bgre _dGR-AtMCL _eAACR2 |
||
| 245 | 1 | _aHealth Psychology / Biopsychosocial Interactions: Sixth Edition | |
| 250 | _a6th | ||
| 260 |
_bJohn Wiley And Sons, Inc, _c2008 |
||
| 300 | _a558 | ||
| 520 | _aAn Introduction: Basic Issues and Processes, An Overview of Psychology and Health, The Body's Physical Systems, Stress and Illness and Coping, Stress - Its Meaning and Impact and Sources, Stress and Bopsychosocial Factors and Illness, Coping with and Reducing Stress, Lifestyles to Enhance Health and Prevent Illness, Health-Related Behavior and Health Promotion, Substance Use and Abuse, Nutrition and Wight Control and Diet and Exercise and Safety, Becoming Ill and Getting Medical Treatment, Using Health Services, In the Hospital: The Setting and Procedures and Effects on Patients, Physical Symptoms: Pain and Discomfort, The Nature and Symptoms of Pain, Managing and Controlling Clinical Pain, Chronic and Life-Threatening Health Problems, Serious and Disabling Chronic Illnesses: Causes and Management and Coping, Heart Diseas and Stroke and Cancer and Aids: Causes and Management and Coping, Looking to the Future, What's Ahead for Health Psychology?. | ||
| 700 | 1 |
_aSarafino Edward P _993 |
|
| 942 | _cBK | ||
| 999 |
_c6311 _d6311 |
||